000 01682cam a22004694i 4500
003 PE-LiUPU
005 20250731173505.0
008 150616s1992 a rb 000 0 eng d
035 _a(Sirsi) a7031
040 _aPE-LiUPU
_bspa
_cPE-LiUPU
_erda
049 _aPRUA
082 0 4 _a254
_bC62
_221
100 1 _aClinton, J. Robert,
_eautor.
245 1 0 _aComing to Some Conclusions on Leadership Style.
264 1 _b1992.
300 _a117 páginas :
_bilustraciones ;
_c21 centímetros.
336 _atext
_2rdacontent
337 _aunmediated
_2rdamedia
338 _avolume
_2rdacarrier
490 1 _aLeadership Series
504 _aIncluye bibliografía.
505 0 _aWhere it fits in leadership theory -- Some various positions -- Toward definitions -- Steps in style analysis -- Observations on pauline leadership styles -- Miscellaneous concepts relating to leaadership style -- Summary and conclusion leadership
526 _aSEG42
526 _aSEG41
526 _aSEG40
526 _aSEG39
526 _aP94
526 _aP87
526 _aP86
526 _aP85
526 _aP77
526 _aP76
526 _aP35
650 0 4 _aLIDERAZGO CRISTIANO.
910 _ajck
_bjvq
_cjck
942 _2ddc
_cBOOK
949 _a254 C62
_wDEWEY
_c1
_i40436
_lCCODEBUL1
_mBUL
_p20.00
_r0
_sY
_tBOOK
_u19960129
_xTEOLOGIA
_zUNKNOWN
_0COMPRA
_o.STAFF. Colección Teología
994 _aC0
_bPEPRU
596 _a1
999 _a254 C62
_wDEWEY
_c58230
_i40436
_f2021-11-10
_g5
_lCCODEBUL1
_mBUL
_p20.00
_r0
_sY
_tBOOK
_u2015-6-16
_xTEOLOGIA
_PP35
_0COMPRA
_o.STAFF. Colección Teología
_d58230
980 _81
_gALBERTO SANCHEZ Responsable de Automatización